000 00518cam a22001451 4500
082 _a355.009241
_bNAP
100 1 _aNapier, H. D.
_949286
245 0 0 _aField-Marshal Lord Napier of Magdala,
_bG.C.B., G.C.S.I.
_ca memoir by his son, Lieut.-Colonel Hon. H. D. Napier
260 _aLondon,
_bE. Arnold & co.,
_c1927.
300 _axi, 348 p.
_bfront. (port.) plates, maps, plan.
_c23 cm.
526 _a0
_b0
_c0
_d355_009241000000000_NAP
650 0 _aMarshals
_zGreat Britain
_949287
650 0 _aMCE
_9379
942 _2ddc
_cBK
999 _c552076
_d552076